000 00650nam a2200193 i 4500
001 94303
003 ES-MaACL
005 20250825081321.0
007 t|
008 050427s1981 sp ||||1| spa d
100 1 _aLópez de Zuazo Algar, Antonio.
_973600
245 1 0 _aCatálogo de periodistas españoles del siglo XX /
_cpor Antonio López de Zuazo Algar.
260 _aMadrid :
_bA. López,
_c1981 (
_fGráf. Chapado)
300 _a719 p. ;
_c22 cm.
504 _aBibliografía: p. 703-705.
650 7 _aPeriodistas-
_zEspaña-
_yS,XX-
_xBiografías-
_vDiccionarios
_2
_9165864
852 _aES-MaACL
_jL-2813
_bR.103673
999 _c94303
_d94303